Catálogo
 En Linea

Introducción al antiguo testamento : (Registro nro. 36595)

Detalles MARC
000 -CABECERA
campo de control de longitud fija 00545nam a2200145 a 4500
001 - NÚMERO DE CONTROL
campo de control 000037105
005 - FECHA Y HORA DE LA ÚLTIMA TRANSACCIÓN
campo de control 20200930080138.0
008 - DATOS DE LONGITUD FIJA--INFORMACIÓN GENERAL
campo de control de longitud fija 120214s1964 ag 000 0 spa d
040 ## - FUENTE DE LA CATALOGACIÓN
Centro catalogador/agencia de origen DO-SdBNP
Lengua de catalogación spa
Centro/agencia transcriptor BNPHU
100 1# - ENTRADA PRINCIPAL--NOMBRE DE PERSONA
Nombre de persona Francisco, Clyde T.
9 (RLIN) 63513
245 10 - MENCIÓN DE TÍTULO
Título Introducción al antiguo testamento :
Resto del título basada en el Syllabus de Juan R. Sampey /
Mención de responsabilidad, etc. Clyde T. Francisco ; versión castellana por Juan Juan Lacué.
260 ## - PUBLICACIÓN, DISTRIBUCIÓN, ETC.
Lugar de publicación, distribución, etc. Buenos Aires :
Nombre del editor, distribuidor, etc. Casa Bautista de Publicaciones,
Fecha de publicación, distribución, etc. 1964.
300 ## - DESCRIPCIÓN FÍSICA
Extensión 347 p. ;
Dimensiones 22 cm.
700 1# - PUNTO DE ACCESO ADICIONAL--NOMBRE DE PERSONA
Nombre de persona Lacué, Juan Juan
9 (RLIN) 63514
Existencias
Estado de retiro Estado de pérdida Restricciones de uso No para préstamo Código de colección Localización permanente Ubicación/localización actual Ubicación en estantería Fecha de adquisición Número de inventario Total de préstamos Signatura topográfica completa Código de barras Fecha visto por última vez Precio válido a partir de Tipo de ítem Koha
        Monografías: Libros y Folletos General General Orden iniciada 14.02.2012 LF1   37105-10 25.06.2020 25.06.2020 No se presta

Con tecnología Koha